mysqli: Table './ulib62015/stat_globaluid' is marked as crashed and should be repaired
select id from stat_globaluid where statuid='20260517103050_1476'
mysqli: Table './ulib62015/stat_globaluid' is marked as crashed and should be repaired
DELETE FROM stat_globaluid
WHERE id NOT IN (
SELECT id
FROM (
SELECT id
FROM stat_globaluid
ORDER BY id DESC
LIMIT 100
) foo
);
mysqli: Table './ulib62015/stat_globaluid' is marked as crashed and should be repaired
insert into stat_globaluid set
statuid='20260517103050_1476',
dt='1778988650',
phpself='/ULIB62015/dublinfull.php',
agent='Mozilla/5.0 AppleWebKit/537.36 (KHTML, like Gecko; compatible; ClaudeBot/1.0; +claudebot@anthropic.com)',
yea='2026',
mon='5',
dat='17',
ip='216.73.216.45'
mysqli: Table './ulib62015/stathist_viewbib_bib_type' is marked as crashed and should be repaired
insert into stathist_viewbib_bib_type set
dat='17' ,
mon='05' ,
yea='2026' ,
statuid='20260517103050_1476' ,
head='13399108028' ,
foot='marc' ,
dt='1778988650'
| LEADER : 00000nam 2200000uu 4500 |
| 001 13399108028 |
| 003 ULIB |
| 008 110624s||||||||th 000 0 tha d |
| 020 9786160802449
|
| 050 4 QA76.575^bส786ส
|
| 100 0 สุธีร์ นวกุล
|
| 245 10 สร้างสื่อมัลติมีเดียด้วย Camtasia Studio 7 /^cสุธีร์ นวกุล
|
| 260 กรุงเทพฯ :^bซีเอ็ดยูเคชั่น,^c2553
|
| 300 335 หน้า :^bภาพประกอบ
|
| 505 0 ^tรู้จักกับเทคโนโลยีวิดีโอและออดิโอ --^tรู้จักกับโปรแกรมCamtasia Studio --^tการเรียกใช้งานโปรแกรม Camtasia Studio --^tการบันทึกภาพหน้าจอด้วย Camtasia Recorder --^tการบันทึกภาพบน PowerPoint Presentation --^tการใช้งาน Camtasia Studio --^tรู้จักกับ Timeline & storyboard --^tการแก้ไขวิดีโอด้วย Timeline --^tแก้ไขเสียงออดิโอ --^tแทรกเอฟเฟ็กต์ให้กับวิดีโอ --^tการสร้างไฟล์โปรเจ็กต์ใน Camtasia Studio --^tการนำเสนอผลงานวิดีโอ --^tการสร้างซีดีเมนูด้วย Camtasia MenuMaker --^tการสร้างเมนูด้วย Camtasia Theater
|
| 630 00 Camtasia studio
|
| 650 0 Multimedia systems
|
| 650 0 Digital video^xData processing
|
| 650 0 Video recordings^xProduction and direction^xComputerprograms.
|
| 650 7 ระบบมัลติมีเดีย
|
| 650 7 แคมตาเซีย สตูดิโอ
|
| 650 7 ดิจิตอลวิดีโอ^xการประมวลผลข้อมูล
|
| 650 7 วีดิทัศน์^vการผลิตและการกำกับรายการ^xโปรแกรมคอมพิวเตอร์
|
| 945 ^p199^l0^i015469
|
| 945 ^p0^l0^i015468
|
| 945 ^p0^l0^i015467 |
| 999 ^aใช้งานได้ทุกระบบ
|
| คุณยังไม่ได้ล็อกอิน คุณสามารถมีกิจกรรมร่วมกับเว็บไซต์ได้ แต่ต้องล็อกอินก่อน :: |
|
|
|
รายการใกล้เคียง
ผู้แต่ง [สุธีร์ นวกุล]
หัวเรื่อง [ระบบมัลติมีเดีย] หัวเรื่อง [แคมตาเซีย สตูดิโอ]
|
|
ยังไม่เคยถูกคอมเมนท์
|
| คอมเมนท์ทรัพยากรรายการนี้ |
|